000 00321nam a22001337a 4500
020 _a9781564842725
082 _a371.3344678 SOL
100 _aSolomon, Gwen
245 _aWeb 2.0 how-to for educators
260 _aWashington
_bISTE
_c2010
300 _ax, 288 p. :
_e24 cm
650 _aInternet in education
942 _cBK
999 _c12852
_d12852